Catálogo
 En Linea

The Natural History of Biospeleology / (Registro nro. 41324)

Detalles MARC
000 -CABECERA
campo de control de longitud fija 00834nam a2200205 a 4500
001 - NÚMERO DE CONTROL
campo de control 000041835
005 - FECHA Y HORA DE LA ÚLTIMA TRANSACCIÓN
campo de control 20201002035801.0
008 - DATOS DE LONGITUD FIJA--INFORMACIÓN GENERAL
campo de control de longitud fija 131018s1992 sp a 000 0 spa d
020 ## - NÚMERO INTERNACIONAL ESTÁNDAR DEL LIBRO
Número Internacional Estándar del Libro 8400072804
040 ## - FUENTE DE LA CATALOGACIÓN
Centro catalogador/agencia de origen DO-SdBNP
Lengua de catalogación spa
Centro/agencia transcriptor BNPHU
082 ## - NÚMERO DE LA CLASIFICACIÓN DECIMAL DEWEY
Número de clasificación xxx
Número de documento/Ítem C172
100 1# - ENTRADA PRINCIPAL--NOMBRE DE PERSONA
Nombre de persona Camacho, Ana Isabel
9 (RLIN) 68713
245 10 - MENCIÓN DE TÍTULO
Título The Natural History of Biospeleology /
Mención de responsabilidad, etc. Ana Isabel Camacho ; foreword Pere Alberch.
260 ## - PUBLICACIÓN, DISTRIBUCIÓN, ETC.
Lugar de publicación, distribución, etc. Madrid :
Nombre del editor, distribuidor, etc. Museo Nacional de Ciencias Naturales, Consejo Superior de Investigaciones Científicas,
Fecha de publicación, distribución, etc. 1992.
300 ## - DESCRIPCIÓN FÍSICA
Extensión xxi, 680 p. :
Otras características físicas il. ;
Dimensiones 24 cm.
490 1# - MENCIÓN DE SERIE
Mención de serie Monografías del museo nacional de ciencias naturales
Designación de volumen o secuencia 7
500 ## - NOTA GENERAL
Nota general Includes bibliographical references and footnotes on pages.
700 12 - PUNTO DE ACCESO ADICIONAL--NOMBRE DE PERSONA
Nombre de persona Pere, Alberch
Término indicativo de función/relación foreword
9 (RLIN) 68714
830 #0 - PUNTO DE ACCESO ADICIONAL DE SERIE-TÍTULO UNIFORME
Título uniforme Monografías del museo nacional de ciencias naturales
Número de parte o sección de la obra 7
9 (RLIN) 68715
Existencias
Estado de retiro Estado de pérdida Restricciones de uso No para préstamo Código de colección Localización permanente Ubicación/localización actual Ubicación en estantería Fecha de adquisición Número de inventario Total de préstamos Signatura topográfica completa Código de barras Fecha visto por última vez Precio válido a partir de Tipo de ítem Koha
      Excluido de préstamo Monografías: Libros y Folletos General General En catalogación 18.10.2013 LF1   xxx C172 41835-10 25.06.2020 25.06.2020 No se presta

Con tecnología Koha